Vergílio Ferreira (Registo nº 202426)

Detalhes MARC
000 -Etiqueta do registo
Valores 00426nam 22001453 4500
021 ## - Número do Depósito Legal
Número 55275/92
100 ## - Dados gerais de processamento
Dados gerais 20260602d u||y0pory50 ba
200 ## - Titulo e menção de responsabilidade
Título próprio Vergílio Ferreira
Informação de outro título a celebração da palavra
Primeira menção de responsabilidade Fernanda Irene Fonseca
210 ## - Publicação
Local de publicação Coimbra
Nome do editor Almedina
Data de publicação 1992
215 ## - Descrição física 
Paginação / Volumes 186, [3] p.
Outras indicações físicas il. ; brochado
Dimensões 21 cm
675 ## - CDU
Notação 82.09Ferreira, Vergílio
Edição PT
Língua por
801 ## - Fonte de origem
País PT
Agência BMMN
Regras de catalogação RPC
990 ## - Elementos KOHA
Tipo de documento Livro

Não há exemplares disponíveis.

Powered by Koha